[Event "Titled Tuesday intern op 03rd Jan Late"]
[Site "Chess.com INT"]
[Date "2023.01.03"]
[Round "2"]
[White "Finkelstein, Alan"]
[Black "Poliakova, Varvara"]
[Result "1-0"]
[WhiteElo "2152"]
[BlackElo "1835"]
[PlyCount "71"]
[EventDate "2023.01.03"]
[EventType "swiss (blitz)"]
[EventRounds "11"]
[EventCountry "USA"]
[SourceTitle "EXT 2024"]
[Source "ChessBase"]
[SourceDate "2023.10.10"]
[SourceVersion "1"]
[SourceVersionDate "2023.10.10"]
[SourceQuality "1"]

1. d4 f5 2. c4 d6 3. g3 Nf6 4. Bg2 g6 5. Nc3 Bg7 6. Nh3 0-0 7. 0-0 e5 8. d5 a5 9. Ng5 Qe7 10. e4 h6 11. Ne6 Bxe6 12. dxe6 Qxe6 13. exf5 gxf5 14. Bxb7 Nbd7 15. Bxa8 Rxa8 16. Qe2 Nc5 17. Be3 Nce4 18. Nxe4 fxe4 19. Kg2 Rf8 20. f3 exf3+ 21. Rxf3 Qg4 22. Raf1 Rb8 23. Qc2 Ne4 24. b3 a4 25. Qd1 Qg6 26. Qd5+ Kh7 27. Rf7 axb3 28. axb3 Rxb3 29. Rxc7 Rxe3 30. Rff7 Rxg3+ 31. hxg3 Qxg3+ 32. Kf1 Qh3+ 33. Ke2 Ng3+ 34. Kd1 Qg4+ 35. Kc1 Ne2+ 36. Kb2 1-0

[Event "Titled Tuesday intern op 03rd Jan Late"]
[Site "Chess.com INT"]
[Date "2023.01.03"]
[Round "5"]
[White "Finkelstein, Alan"]
[Black "Suvorov, Alexander David"]
[Result "1/2-1/2"]
[WhiteElo "2152"]
[BlackElo "2338"]
[PlyCount "123"]
[EventDate "2023.01.03"]
[EventType "swiss (blitz)"]
[EventRounds "11"]
[EventCountry "USA"]
[SourceTitle "EXT 2024"]
[Source "ChessBase"]
[SourceDate "2023.10.10"]
[SourceVersion "1"]
[SourceVersionDate "2023.10.10"]
[SourceQuality "1"]

1. d4 d6 2. c4 e5 3. d5 f5 4. e4 fxe4 5. Nc3 Nf6 6. Nge2 Bg4 7. Qc2 Bf5 8. Ng3 g6 9. Ncxe4 Nxe4 10. Nxe4 Nd7 11. Bd3 Bg7 12. Bg5 Qc8 13. 0-0 0-0 14. b4 a5 15. a3 b6 16. f3 Qb7 17. Rab1 axb4 18. axb4 Qa7 19. Be3 Qa2 20. Rb2 Qa3 21. Rb3 Qa2 22. Rb2 Qa3 23. Rb3 Qa4 24. Ng5 Bh6 25. Rc1 Bxg5 26. Bxg5 Qa2 27. Rb2 Bxd3 28. Rxa2 Bxc2 29. Rcxc2 Kf7 30. Kf2 Kg7 31. Ke3 h6 32. Bh4 g5 33. Be1 Nf6 34. Bc3 Kg6 35. h3 h5 36. Kd3 g4 37. hxg4 hxg4 38. Be1 gxf3 39. gxf3 Nh5 40. Rg2+ Kf5 41. Rxa8 Nf4+ 42. Ke3 Rxa8 43. Rg4 Ra3+ 44. Kf2 Ra2+ 45. Kg3 Rg2+ 46. Kh4 Rh2+ 47. Kg3 Rh3+ 48. Kf2 Rh2+ 49. Kg3 Re2 50. Bf2 Nd3 51. Bg1 Nxb4 52. Rg7 Rc2 53. Rxc7 Nxd5 54. Rc6 Nf4 55. Bxb6 Rg2+ 56. Kh4 Ng6+ 57. Kh3 Nf4+ 58. Kh4 Rh2+ 59. Kg3 Rh3+ 60. Kf2 Rh2+ 61. Kg3 Rg2+ 62. Kh4 1/2-1/2

[Event "Titled Tuesday intern op 27th Dec Late"]
[Site "Chess.com INT"]
[Date "2022.12.27"]
[Round "3"]
[White "Finkelstein, Alan"]
[Black "Rangel, Daniel"]
[Result "0-1"]
[WhiteElo "2152"]
[BlackElo "2220"]
[PlyCount "54"]
[EventDate "2022.12.27"]
[EventType "swiss (blitz)"]
[EventRounds "11"]
[EventCountry "USA"]
[SourceTitle "EXT 2024"]
[Source "ChessBase"]
[SourceDate "2023.10.10"]
[SourceVersion "1"]
[SourceVersionDate "2023.10.10"]
[SourceQuality "1"]

1. d4 Nf6 2. c4 g6 3. g3 Bg7 4. Bg2 0-0 5. Nc3 c5 6. d5 d6 7. Nf3 e6 8. 0-0 exd5 9. cxd5 Bg4 10. Nd2 Re8 11. Nc4 b5 12. Nxb5 Bxe2 13. Qc2 Bxf1 14. Bxf1 Bf8 15. Bf4 Ne4 16. Re1 a6 17. Rxe4 Rxe4 18. Qxe4 axb5 19. Ne3 Rxa2 20. Bxb5 Rxb2 21. Bd3 Nd7 22. Nc4 Nf6 23. Qf3 Rb3 24. h4 Nh5 25. Bd2 Qf6 26. Qe2 Qd4 27. Bc2 Rxg3+ 0-1

[Event "PNWCC Super G60 Mar Gp2"]
[Site "Chess.com INT"]
[Date "2021.03.28"]
[Round "5"]
[White "Finkelstein, Alan"]
[Black "Ye, Luke Sicong"]
[Result "1/2-1/2"]
[WhiteElo "1758"]
[BlackElo "1893"]
[PlyCount "46"]
[EventDate "2021.03.27"]
[EventType "swiss (rapid)"]
[EventRounds "6"]
[EventCountry "USA"]
[SourceTitle "CBM 201 Extra"]
[Source "ChessBase"]
[SourceDate "2021.05.31"]
[SourceVersion "1"]
[SourceVersionDate "2021.05.31"]
[SourceQuality "1"]

1. d4 Nf6 2. c4 e6 3. g3 d5 4. Nf3 dxc4 5. Bg2 c5 6. 0-0 Nc6 7. dxc5 Qxd1 8. Rxd1 Bxc5 9. Nbd2 c3 10. bxc3 0-0 11. Nb3 Be7 12. Be3 Bd7 13. Nc5 Bxc5 14. Bxc5 Rfd8 15. Rab1 b6 16. Bd6 Rac8 17. Rd3 Be8 18. Rbd1 Ne4 19. Ne5 Nxd6 20. Nxc6 Bxc6 21. Rxd6 Rxd6 22. Rxd6 Bxg2 23. Kxg2 Kf8 1/2-1/2

[Event "PNWCC Super G60 Mar Gp2"]
[Site "Chess.com INT"]
[Date "2021.03.27"]
[Round "2"]
[White "Baskin, Robert"]
[Black "Finkelstein, Alan"]
[Result "1/2-1/2"]
[WhiteElo "2390"]
[BlackElo "1758"]
[PlyCount "67"]
[EventDate "2021.03.27"]
[EventType "swiss (rapid)"]
[EventRounds "6"]
[EventCountry "USA"]
[SourceTitle "CBM 201 Extra"]
[Source "ChessBase"]
[SourceDate "2021.05.31"]
[SourceVersion "1"]
[SourceVersionDate "2021.05.31"]
[SourceQuality "1"]

1. d4 d5 2. c4 c6 3. Nf3 Nf6 4. Nc3 dxc4 5. a4 Bf5 6. Ne5 Nbd7 7. Nxc4 Qc7 8. g3 e5 9. dxe5 Nxe5 10. Bf4 Nfd7 11. Bg2 f6 12. 0-0 Nc5 13. e4 Be6 14. Nxe5 fxe5 15. Qh5+ Bf7 16. Qxe5+ Qxe5 17. Bxe5 Nd3 18. Bd4 c5 19. Be3 0-0-0 20. Rfd1 Be7 21. Nd5 Bxd5 22. Rxd3 Bc6 23. Rxd8+ Rxd8 24. Rc1 Bxa4 25. Bxc5 Bxc5 26. Rxc5+ Bc6 27. Rc2 Rd1+ 28. Bf1 Kd7 29. f3 Bb5 30. Rf2 Rb1 31. f4 a5 32. Kg2 Bxf1+ 33. Rxf1 Rxb2+ 34. Kf3 1/2-1/2